Física o Química - Despistaos - Estadísticas

Estadísticas generales
  • Esta prueba ha sido intentada 291 veces
  • La puntuación promedio es 112 de 134
Estadísticas de respuestas
% Correcto
o
97%
O
97%
física
96%
mi
96%
química
96%
es
95%
Es
95%
lo
95%
que
95%
Que
95%
ha
94%
de
93%
en
93%
Estribillo La
93%
Tu
92%
me
91%
hemos
90%
mitad
90%
un
90%
vivido
90%
Verso Ni
89%
ni
89%
hace
88%
ruido
88%
saliva
88%
el
87%
más
87%
Y
87%
alternativa
86%
juntos
86%
Pre-estribillo Medicina
86%
pa'
85%
se
85%
cañón
84%
corazón
84%
estemos
82%
Hago
82%
hielo
82%
te
82%
todo
82%
atrevo
81%
Cada
81%
menos
81%
vez
81%
colchón
80%
escondo
80%
herido
80%
puedo
80%
derretido
79%
cuando
78%
Cuando
78%
su
77%
no
72%
veo
72%
eso
70%
os
69%
escapo
68%
espero
68%
los
68%
digo
67%
importas
67%
bueno
66%
bebo
65%
importan
65%
muero
65%
quiero
61%
haga
59%
siento
59%
creo
58%
Pero
56%
piensan
55%
escucho
49%
miras
49%
sienta
34%
No se encontraron pruebas coincidentes
Distribución de puntuación
Porcentaje de gente con cada puntuación
Porcentaje por número respondido
Historial de tus puntuaciones
No has intentado esta prueba.